000 00767nam a2200193 a 4500
008 071012s1995 ||||||||||||||||| || u
020 _a0821333658
050 _aIBRD(06)ESD/1995/6
110 _aInternational Bank for Reconstruction and Development (IBRD)
245 1 0 _aMonitoring environmental progress: a report on work in progress
260 _aWashington, D. C.
_bWorld Bank
_c1995
300 _axiv, 82p.: ill.
350 _a0.00
490 _aEnvironmentally Sustainable Development
650 _aENVIRONMENTAL INDICATORS
650 0 _aENVIRONMENTAL MONITORING
650 _aENVIRONMENT
995 _D0.00
_FCBU-MAIN LIBRARY (Kitwe)
_H1
_I0.00
_M1
_UAVAILABLE
_WOct 12, 2007
_ZInternational Publications
999 _c51628
_d51628